00774nam a2200181 a 450000100100000000500170001000800410002704000250006808200210009310000350011424501380014926000420028730000110032950000630034050000710040365100600047465100580053400002575220200930024025.0110222s1994 dr 000 0 spa d aDO-SdBNPbspacBNPHU a330.97293bP349e1 aPeña, Víctor Manueld1955-10aEconomía contemporánea :bla República Dominicana ante los retos económicos de la sociedad moderna /cVíctor Manuel Peña. aSanto Domingo :bAlfa y Omega,c1994. a148 p. aIncluye datos biográficos del autor en la contracubierta aIncluye referencias bibliograficas y notas al pie de las páginas 4aRepública DominicanaxCondiciones Económicasy1961- 4aRepública DominicanaxPolítica Económicay1961-